| 000 | 00657nam a22002057a 4500 | ||
|---|---|---|---|
| 003 | BD-DhJNU | ||
| 005 | 20250504061157.0 | ||
| 008 | 250504b |||||||| |||| 00| 0 eng d | ||
| 020 | _a9840513788 | ||
| 040 |
_aBD-DhJNU _bENG _cBD-DhJNU _dBD-DhJNU |
||
| 082 |
_223 _a306.082 BUS |
||
| 100 | _aBurling, Robbins | ||
| 245 |
_aThe strong women of Modhupur / _cRobbins Burling |
||
| 260 |
_aDhaka : _bThe University Press, _c1997. |
||
| 300 |
_a274p. : _bill. ; _c22 cm. |
||
| 504 | _aIncludes bibliographical references and index | ||
| 650 |
_a Garo (Indic people) _xBangladesh _zMadhupur |
||
| 650 |
_aMadhupur (Bangladesh) _xHistory |
||
| 942 |
_2ddc _cBK _n0 |
||
| 999 |
_c1653 _d1653 |
||